000 01271cam a22003377a 4500
001 13563386
003 OSt
005 20251111141730.0
008 040419s2004 enka b 001 0 eng
010 _a 2004299149
015 _aGBA3-U4822
020 _a0340810440
035 _a(OCoLC)ocm53124375
040 _aUKM
_cUKM
_dIAY
_dDLC
042 _alccopycat
050 0 0 _aQR46
_b.C537 2004
082 0 0 _aQW4 C55m 2004
100 1 _aClarke, Stuart C.
_99487
245 1 0 _aModern Medical Microbiology: the fundamentals
260 _aLondon;
_bOxford Univ. Press,
_c2004.
300 _axvi, 239 p. :
_bill. ;
_c25 cm.
504 _aIncludes bibliographical references, & index.
650 0 _aMedical microbiology.
_9741
650 1 2 _aMicrobiology.
_9749
856 4 2 _3Publisher description
_uhttp://www.loc.gov/catdir/enhancements/fy0620/2004299149-d.html
856 4 1 _3Table of contents only
_uhttp://www.loc.gov/catdir/enhancements/fy0620/2004299149-t.html
856 4 2 _3Contributor biographical information
_uhttp://www.loc.gov/catdir/enhancements/fy1302/2004299149-b.html
906 _a7
_bcbc
_ccopycat
_d2
_encip
_f20
_gy-gencatlg
942 _2ddc
_cO_SHELF
999 _c4411
_d4411